00642nam a2200181 i 450000100060000000300090000600500170001500700030003200800410003510000340007624500790011025000370018926000350022630000280026185200320028999900170032195201220033863464ES-MaACL20230906164857.0t|031210s1970 sp ||||1| spa d1 aFerrer Kutter, Carlos.95048010aCálculo de precios en las obras de albañilería / cC. Ferrer Kutter. a3ª ed. ampl. y puesta al día. aBarcelona : bMonteso, c1970. aVIII, 400 p. ; c22 cm. aES-MaACLjC-45237 bR.74526 c63464d63464 00104070aATENEOMbATENEOMcDEPO2d2008-01-17eSCl0oC-45237p1066521r2023-02-23 00:00:00w2023-02-23yMONOGRAFIA